Pirates of the Caribbean Quiz - Statistics

General Stats
  • This quiz has been taken 39 times
  • The average score is 18 of 28
Answer Stats
Hint Answer % Correct
Main character Jack Sparrow
100%
Monkey Jack
94%
Blacksmith and second main character Will Turner
94%
Villain of the first film Barbossa
92%
Daughter of the Governor Elizabeth Swan
92%
First film Curse of the Black Pearl
83%
Blacksmith's father Bootstrap Bill Turner
81%
Villain of films 2-3 Davy Jones
81%
Second film Dead Man's Chest
81%
Third film At World's End
78%
Sea beast of film 2 Kraken
78%
Above's first mate Gibbs
75%
Villain of film 5 Salazar
69%
Pirate port Tortuga
69%
Villain of film 4 Blackbeard
64%
Fourth film On Stranger Tides
64%
First place we see in the franchise Port Royal
61%
Lord Cutler Beckett
58%
Disgraced Commodore James Norrington
56%
Character with a wooden eye Ragetti
53%
Who is Calypso? Tia Dalma
53%
Above's friend Pintel
50%
Place where the dead are punished Davy Jones' Locker
47%
Above's first mate Angelica
42%
Keeper of the code Captain Teague
42%
Fifth film Salazar's Revenge
42%
Where the 9 Pirate Lords meet up Shipwreck Cove
42%
Meme coming from a British soldier That's got to be the best pirate I've ever seen
6%
No matching quizzes found
Score Distribution
Percent of People with Each Score
Percentile by Number Answered
Your Score History
You have not taken this quiz